U.S. States with the Most Christians - Statistics

General Stats
  • This quiz has been taken 26 times
  • The average score is 16 of 20
Answer Stats
Answer % % Correct
Mississippi 77%
100%
Texas 67%
96%
Georgia 67%
92%
Tennessee 72%
92%
Alabama 73%
88%
Arkansas 79%
88%
Florida 64%
88%
Kentucky 72%
88%
Louisiana 74%
88%
Oklahoma 70%
88%
South Carolina 77%
83%
West Virginia 64%
83%
North Carolina 69%
79%
Kansas 70%
75%
Ohio 64%
71%
Indiana 65%
67%
Nebraska 74%
63%
North Dakota 73%
63%
South Dakota 79%
63%
Delaware 70%
50%
No matching quizzes found
Score Distribution
Percent of People with Each Score
Percentile by Number Answered
Your Score History
You have not taken this quiz